Every US State Tree - Statistics

General Stats
  • This quiz has been taken 212 times
  • The average score is 36 of 52
Answer Stats
State Tree % Correct
Maine Eastern White Pine
93%
Michigan Eastern White Pine
93%
Montana Ponderosa Pine
92%
Minnesota Red Pine
92%
Great Basin Bristlecone Pine
91%
Arkansas Loblolly Pine
91%
Alabama Longleaf Pine
91%
New Jersey Northern Red Oak
91%
North Carolina Pine
91%
New Mexico Piñon Pine
91%
Idaho Western White Pine
91%
Connecticut White Oak
91%
Illinois White Oak
91%
Maryland White Oak
91%
Georgia Southern Live Oak
86%
California Coast Redwood
85%
New York Sugar Maple
84%
Vermont Sugar Maple
84%
West Virginia Sugar Maple
84%
Wisconsin Sugar Maple
84%
Rhode Island Red Maple
83%
New Hampshire American White Birch
76%
Florida Sabal Palm
76%
South Carolina Sabal Palm
76%
Colorado Colorado Blue Spruce
73%
Oregon Douglas Fir
72%
Giant Sequoia
70%
Massachusetts American Elm
69%
North Dakota American Elm
69%
Missouri Flowering Dogwood
69%
Virginia Flowering Dogwood
69%
Alaska Sitka Spruce
69%
South Dakota Black Hills Spruce
68%
Utah Quaking Aspen
61%
Mississippi Southern Magnolia
55%
Nevada Single-leaf Pinyon
51%
Louisiana Bald Cypress
50%
Ohio Ohio Buckeye
50%
Texas Pecan
49%
Kansas Eastern Cottonwood
47%
Nebraska Eastern Cottonwood
47%
Iowa Bur Oak
46%
Wyoming Plains Cottonwood
46%
Indiana Tulip Tree
46%
Kentucky Tulip Tree
46%
Tennessee Tulip Tree
46%
Washington Western Hemlock
45%
Pennsylvania Eastern Hemlock
44%
Oklahoma Eastern Redbud
38%
Arizona Blue Palo Verde
35%
Delaware American Holly
34%
Hawaii Kukui
28%
No matching quizzes found
Score Distribution
Percent of People with Each Score
Percentile by Number Answered
Your Score History
You have not taken this quiz